Countries with Jollibee Outlets - Statistics

General Stats
  • This quiz has been taken 11 times
  • The average score is 18 of 20
Answer Stats
Country % Correct
Canada
100%
China
100%
Indonesia
100%
Oman
100%
Philippines
100%
Qatar
100%
Saudi Arabia
100%
Singapore
100%
United Arab Emirates
100%
United Kingdom
100%
United States
100%
Vietnam
100%
Bahrain
90%
Italy
90%
Kuwait
90%
Malaysia
90%
Taiwan
90%
Spain
80%
Brunei
60%
Papua New Guinea
40%
No matching quizzes found
Score Distribution
Percent of People with Each Score
Percentile by Number Answered
Your Score History
You have not taken this quiz